Yu-Gi-Oh! - Monstre (3) - Statistiques

Statistiques générales
  • Ce quiz a été pris 111 fois
  • Le résultat moyen est 140 sur 144
Statistiques - réponses
Question Tuile Select % Correct
Qui est Bébé Dragon ? Non
100%
Qui est Bébé Dragon ? Non
100%
Qui est Bébé Dragon ? Non
100%
Qui est Bébé Dragon ? Non
100%
Qui est Bébé Dragon ? Non
100%
Qui est Bébé Dragon ? Non
100%
Qui est Bébé Dragon ? Non
100%
Qui est Bébé Dragon ? Non
100%
Qui est Bébé Dragon ? Non
100%
Qui est Bébé Dragon ? Oui
100%
Qui est Bébé Dragon ? Non
100%
Qui est Bébé Dragon ? Non
100%
Qui est Gearfried le Chevalier de Fer ? Non
99%
Qui est Gearfried le Chevalier de Fer ? Non
99%
Qui est Gearfried le Chevalier de Fer ? Non
99%
Qui est Gearfried le Chevalier de Fer ? Non
99%
Qui est Gearfried le Chevalier de Fer ? Non
99%
Qui est Gearfried le Chevalier de Fer ? Non
99%
Qui est Gearfried le Chevalier de Fer ? Non
99%
Qui est Gearfried le Chevalier de Fer ? Non
99%
Qui est Troupe d'Assaut Gobeline ? Non
99%
Qui est Troupe d'Assaut Gobeline ? Non
99%
Qui est Troupe d'Assaut Gobeline ? Non
99%
Qui est Troupe d'Assaut Gobeline ? Non
99%
Qui est Troupe d'Assaut Gobeline ? Non
99%
Qui est Troupe d'Assaut Gobeline ? Non
99%
Qui est Troupe d'Assaut Gobeline ? Non
99%
Qui est Troupe d'Assaut Gobeline ? Non
99%
Qui est Troupe d'Assaut Gobeline ? Non
99%
Qui est Troupe d'Assaut Gobeline ? Non
99%
Qui est Spadassin des Flammes ? Non
99%
Qui est Spadassin des Flammes ? Non
99%
Qui est Spadassin des Flammes ? Non
99%
Qui est Spadassin des Flammes ? Non
99%
Qui est Spadassin des Flammes ? Non
99%
Qui est Spadassin des Flammes ? Non
99%
Qui est Spadassin des Flammes ? Non
99%
Qui est Spadassin des Flammes ? Non
99%
Qui est Spadassin des Flammes ? Non
99%
Qui est Dragon Noir aux Yeux Rouges ? Non
99%
Qui est Dragon Noir aux Yeux Rouges ? Non
99%
Qui est Dragon Noir aux Yeux Rouges ? Non
99%
Qui est Dragon Noir aux Yeux Rouges ? Non
99%
Qui est Dragon Noir aux Yeux Rouges ? Non
99%
Qui est Dragon Noir aux Yeux Rouges ? Non
99%
Qui est Dragon Noir aux Yeux Rouges ? Non
99%
Qui est Dragon Noir aux Yeux Rouges ? Non
99%
Qui est Dragon Noir aux Yeux Rouges ? Non
99%
Qui est Dragon Noir aux Yeux Rouges ? Non
99%
Qui est Dragon Noir aux Yeux Rouges ? Non
99%
Qui est Dragon Noir aux Yeux Rouges ? Oui
99%
Qui est Magicien du Temps ? Non
99%
Qui est Magicien du Temps ? Non
99%
Qui est Magicien du Temps ? Non
99%
Qui est Magicien du Temps ? Non
99%
Qui est Magicien du Temps ? Non
99%
Qui est Magicien du Temps ? Non
99%
Qui est Magicien du Temps ? Non
99%
Qui est Magicien du Temps ? Non
99%
Qui est Magicien du Temps ? Non
99%
Qui est Magicien du Temps ? Non
99%
Qui est Axe Raider ? Non
98%
Qui est Axe Raider ? Non
98%
Qui est Axe Raider ? Non
98%
Qui est Axe Raider ? Non
98%
Qui est Axe Raider ? Non
98%
Qui est Axe Raider ? Non
98%
Qui est Axe Raider ? Non
98%
Qui est Axe Raider ? Non
98%
Qui est Axe Raider ? Non
98%
Qui est Guerrier Roquette ? Non
98%
Qui est Guerrier Roquette ? Non
98%
Qui est Guerrier Roquette ? Non
98%
Qui est Guerrier Roquette ? Non
98%
Qui est Guerrier Roquette ? Non
98%
Qui est Guerrier Roquette ? Non
98%
Qui est Guerrier Roquette ? Non
98%
Qui est Guerrier Roquette ? Non
98%
Qui est Guerrier Roquette ? Non
98%
Qui est Glaive de l'Alligator ? Non
98%
Qui est Glaive de l'Alligator ? Non
98%
Qui est Glaive de l'Alligator ? Non
98%
Qui est Glaive de l'Alligator ? Non
98%
Qui est Glaive de l'Alligator ? Non
98%
Qui est Glaive de l'Alligator ? Non
98%
Qui est Glaive de l'Alligator ? Oui
98%
Qui est Glaive de l'Alligator ? Non
98%
Qui est Glaive de l'Alligator ? Non
98%
Qui est Glaive de l'Alligator ? Non
98%
Qui est Glaive de l'Alligator ? Non
98%
Qui est Glaive de l'Alligator ? Non
98%
Qui est Troupe d'Assaut Gobeline ? Non
98%
Qui est Troupe d'Assaut Gobeline ? Oui
98%
Qui est Gilford l'Éclair ? Non
98%
Qui est Gilford l'Éclair ? Non
98%
Qui est Gilford l'Éclair ? Non
98%
Qui est Gilford l'Éclair ? Non
98%
Qui est Gilford l'Éclair ? Non
98%
Qui est Gilford l'Éclair ? Non
98%
Qui est Spadassin des Flammes ? Non
98%
Qui est Magicien du Temps ? Oui
98%
Qui est Magicien du Temps ? Non
98%
Qui est Copiechat ? Non
97%
Qui est Copiechat ? Non
97%
Qui est Copiechat ? Non
97%
Qui est Copiechat ? Non
97%
Qui est Copiechat ? Non
97%
Qui est Copiechat ? Non
97%
Qui est Copiechat ? Non
97%
Qui est Copiechat ? Non
97%
Qui est Copiechat ? Non
97%
Qui est Gearfried le Chevalier de Fer ? Non
97%
Qui est Gearfried le Chevalier de Fer ? Non
97%
Qui est Gilford l'Éclair ? Non
97%
Qui est Gilford l'Éclair ? Non
97%
Qui est Spadassin des Flammes ? Non
97%
Qui est Le Spadassin de Landstar ? Non
97%
Qui est Le Spadassin de Landstar ? Non
97%
Qui est Le Spadassin de Landstar ? Non
97%
Qui est Le Spadassin de Landstar ? Non
97%
Qui est Le Spadassin de Landstar ? Non
97%
Qui est Le Spadassin de Landstar ? Non
97%
Qui est Le Spadassin de Landstar ? Non
97%
Qui est Le Spadassin de Landstar ? Non
97%
Qui est Axe Raider ? Non
96%
Qui est Guerrier Roquette ? Non
96%
Qui est Copiechat ? Non
96%
Qui est Spadassin des Flammes ? Oui
96%
Qui est Le Spadassin de Landstar ? Non
96%
Qui est Guerrier Roquette ? Non
95%
Qui est Gilford l'Éclair ? Non
95%
Qui est Gilford l'Éclair ? Non
95%
Qui est Axe Raider ? Oui
94%
Qui est Axe Raider ? Non
94%
Qui est Guerrier Roquette ? Oui
94%
Qui est Copiechat ? Non
94%
Qui est Gearfried le Chevalier de Fer ? Non
94%
Qui est Copiechat ? Oui
93%
Qui est Gilford l'Éclair ? Non
93%
Qui est Le Spadassin de Landstar ? Non
93%
Qui est Gearfried le Chevalier de Fer ? Oui
89%
Qui est Gilford l'Éclair ? Oui
85%
Qui est Le Spadassin de Landstar ? Non
84%
Qui est Le Spadassin de Landstar ? Oui
80%
Aucun quiz correspondant
Distribution des résultats
% des personnes avec chaque résultat
Percentile par nombre de réponses
Votre historique - résultats
Vous n’avez pas pris ce quiz